| 000 | 00421nam a22001457a 4500 | ||
|---|---|---|---|
| 003 | OSt | ||
| 005 | 20211110185044.0 | ||
| 008 | 211110b ||||| |||| 00| 0 eng d | ||
| 022 |
_20974-8512 _a0974-8512 |
||
| 040 | _cASBM university | ||
| 222 | _aASBM Journal of Management | ||
| 245 |
_aASBM Journal of Management _cInternational journal of ASBM University |
||
| 260 |
_a Odisha _bASBM University |
||
| 942 |
_2ddc _cPR _s1 |
||
| 999 |
_c220505 _d220505 |
||